| 000 | 00478nam a22001457a 4500 | ||
|---|---|---|---|
| 003 | macl | ||
| 005 | 20180427115808.0 | ||
| 008 | 180427b xxu||||| |||| 00| 0 eng d | ||
| 040 | _cmacl | ||
| 100 |
_aमैग्राहिल्स _972382 |
||
| 245 | _aसामान्य ज्ञान मंजूषा | ||
| 260 |
_aचैन्नई _bमैग्राहिल्स _c2018 |
||
| 650 |
_aसामान्य वर्ग _936 |
||
| 942 |
_2ddc _cHIN |
||
| 999 |
_c57972 _d57972 |
||